000 00873cam a2200277 a 4500
001 14402300
003 OSt
005 20230703105237.0
008 060606s2006 ke b 000 0 eng
010 _a 2006306635
020 _a9966948449
040 _aDLC
_cDLC
042 _alcode
043 _af-ke---
082 _a352.283
_bOLO
100 1 _aOloo, Adams.
245 1 0 _aDevolution and democratic governance :
_boptions for Kenya /
_cAdams Oloo.
260 _aNairobi, Kenya :
_bInstitute of Policy Analysis and Research,
_cc2006.
300 _aiv, 43 p. ;
_c24 cm.
490 0 _aDiscussion paper ;
_vno. 077/2006
504 _aIncludes bibliographical references (p. 36-40).
650 0 _aDecentralization in government
_zKenya.
906 _a7
_bcbc
_corigode
_d3
_encip
_f20
_gy-gencatlg
942 _2ddc
_cBK
999 _c3225
_d3225